Welcome to CU Library Online Public Access Catalogue (OPAC)

Understanding information systems / (Record no. 652)

MARC details
000 -LEADER
fixed length control field 00631pam a2200205 a 4500
001 - CONTROL NUMBER
control field 635723
005 - DATE AND TIME OF LATEST TRANSACTION
control field 20241105165007.0
008 - FIXED-LENGTH DATA ELEMENTS--GENERAL INFORMATION
fixed length control field 930823s1994 mnuab 001 0 eng
020 ## - INTERNATIONAL STANDARD BOOK NUMBER
International Standard Book Number 0314028803 (recycled paper)
050 00 - LIBRARY OF CONGRESS CALL NUMBER
Classification number T58.6
Item number .R66 1994
082 00 - DEWEY DECIMAL CLASSIFICATION NUMBER
Classification number 658.4/038/011
Edition information 20
100 1# - MAIN ENTRY--PERSONAL NAME
Personal name Ross, Steven C.
245 10 - TITLE STATEMENT
Title Understanding information systems /
Statement of responsibility, etc. Steven C. Ross.
260 ## - PUBLICATION, DISTRIBUTION, ETC.
Place of publication, distribution, etc. Minneapolis :
Name of publisher, distributor, etc. West Pub.,
Date of publication, distribution, etc. c1994.
300 ## - PHYSICAL DESCRIPTION
Extent xix, 296 p. :
Other physical details ill. (some col.), col. map ;
Dimensions 26 cm.
440 #4 - SERIES STATEMENT/ADDED ENTRY--TITLE
Title The Microcomputing series
500 ## - GENERAL NOTE
General note Includes index.
650 #0 - SUBJECT ADDED ENTRY--TOPICAL TERM
Topical term or geographic name entry element Management information systems.
942 ## - ADDED ENTRY ELEMENTS (KOHA)
Source of classification or shelving scheme Library of Congress Classification
Koha item type Books
Suppress in OPAC No
999 ## -
-- 652
-- 652
Holdings
Withdrawn status Lost status Source of classification or shelving scheme Damaged status Not for loan Collection Home library Current library Shelving location Date acquired Total checkouts Full call number Barcode Date last seen Copy number Price effective from Koha item type
    Library of Congress Classification     Non-fiction Undergraduate Library (Christ Temple) Undergraduate Library (Christ Temple) General stacks 11/05/2024   T 58.6 ROS ulct00000169 11/05/2024 1 11/05/2024 Books
© 2023-2024 Copyright: Central University Libraries. All Rights Reserved | Created by: Mahone Tech Office